[Event "Lvov Ukrainian Chess Warriors"]
[Site "Lvov"]
[Date "2024.03.15"]
[Round "7"]
[White "Marchyshyn, Vasyl"]
[Black "Sergeev, Vladimir"]
[Result "0-1"]
[WhiteElo "1753"]
[BlackElo "2347"]
[PlyCount "76"]
[EventDate "2024.03.15"]
[EventType "swiss (rapid)"]
[EventRounds "8"]
[EventCountry "UKR"]
[SourceTitle "CB12_2024"]
[SourceDate "2023.10.01"]
[SourceVersion "1"]
[SourceVersionDate "2023.10.01"]
[SourceQuality "1"]

1. e4 e6 2. d4 d5 3. exd5 exd5 4. Nf3 Nc6 5. c3 Bd6 6. Bd3 Nge7 7. 0-0 Bg4 8. Nbd2 Qd7 9. Re1 0-0-0 10. b4 f6 11. a4 g5 12. a5 Bf5 13. Nb3 Bxd3 14. Qxd3 Nf5 15. b5 Nce7 16. Nc5 Bxc5 17. dxc5 Rhe8 18. c6 bxc6 19. b6 Kb7 20. a6+ Ka8 21. b7+ Kb8 22. Ba3 Ng6 23. Nd4 Nd6 24. Bxd6 cxd6 25. Qc2 c5 26. Nf5 Re5 27. Ne3 f5 28. Red1 Qe6 29. c4 d4 30. Nd5 Nf4 31. Nxf4 gxf4 32. Qd2 Re4 33. Qa5 Rg8 34. Re1 f3 35. g3 f4 36. Rxe4 Qh3 37. Qc7+ Kxc7 38. b8Q+ Rxb8 0-1

[Event "Kiev Anfield Cup 1st"]
[Site "Kiev"]
[Date "2022.09.25"]
[Round "9"]
[White "Golichenko, Ilja"]
[Black "Sergeev, Vladimir"]
[Result "1-0"]
[WhiteElo "2413"]
[BlackElo "2347"]
[PlyCount "41"]
[EventDate "2022.09.24"]
[EventType "swiss"]
[EventRounds "9"]
[EventCountry "UKR"]
[SourceTitle "CBM 210 Extra"]
[Source "ChessBase"]
[SourceDate "2022.11.30"]
[SourceVersion "1"]
[SourceVersionDate "2022.11.30"]
[SourceQuality "1"]

1. d4 e6 2. c4 f5 3. g3 Nf6 4. Bg2 c6 5. Nh3 Be7 6. 0-0 0-0 7. Nd2 d6 8. e4 fxe4 9. Nxe4 Nxe4 10. Bxe4 d5 11. Bc2 Nd7 12. Qd3 Nf6 13. Ng5 dxc4 14. Qxc4 Qd5 15. Qd3 Rd8 16. Nxh7 Qxd4 17. Nxf6+ Qxf6 18. Qh7+ Kf8 19. Qh8+ Kf7 20. Qh5+ Kf8 21. Bg6 1-0

[Event "Kiev Anfield Cup 1st"]
[Site "Kiev"]
[Date "2022.09.25"]
[Round "7"]
[White "Sergeev, Vladimir"]
[Black "Grinev, Valeriy"]
[Result "0-1"]
[WhiteElo "2347"]
[BlackElo "2425"]
[PlyCount "120"]
[EventDate "2022.09.24"]
[EventType "swiss"]
[EventRounds "9"]
[EventCountry "UKR"]
[SourceTitle "CBM 210 Extra"]
[Source "ChessBase"]
[SourceDate "2022.11.30"]
[SourceVersion "1"]
[SourceVersionDate "2022.11.30"]
[SourceQuality "1"]

1. d4 Nf6 2. Nf3 g6 3. Bg5 Bg7 4. Nbd2 c5 5. e3 b6 6. c3 Bb7 7. a4 a6 8. Bd3 0-0 9. 0-0 d6 10. Bh4 Nbd7 11. Re1 h6 12. h3 Nh5 13. Nh2 cxd4 14. cxd4 Qe8 15. Be2 Nhf6 16. Bg3 Ne4 17. Nxe4 Bxe4 18. Qb3 Qb8 19. f3 Bc6 20. Bf2 e5 21. dxe5 Nc5 22. Qc2 Qe8 23. exd6 Bxa4 24. Qb1 Bb3 25. Bd1 Qe5 26. Bxb3 Nxb3 27. Ra3 Na5 28. b4 Nc4 29. Rd3 Rfd8 30. Ng4 Qe6 31. e4 Rxd6 32. Rxd6 Qxd6 33. Qc1 Qxb4 34. Nxh6+ Kf8 35. Qf4 Qe7 36. Bh4 Qc5+ 37. Kh1 Ne5 38. Bf6 Nd3 39. Bxg7+ Kxg7 40. Qd2 Nxe1 41. Ng4 Kf8 42. Qxe1 Rc8 43. Kh2 Qd4 44. Qh4 Rc6 45. Qh6+ Ke8 46. Qg5 Re6 47. e5 Kd7 48. f4 a5 49. Nf6+ Kc7 50. Qg3 Kb8 51. Ng4 a4 52. Ne3 Qe4 53. Qh4 Qd3 54. Qh8+ Kb7 55. Qf8 Rc6 56. Ng4 Qc4 57. Kg3 a3 58. Ne3 Qb3 59. Kg4 a2 60. Qxf7+ Qxf7 0-1

[Event "UKR-ch Rapid"]
[Site "Omelnyk"]
[Date "2021.10.02"]
[Round "9"]
[White "Bilych, Olexiy"]
[Black "Sergeev, Vladimir"]
[Result "1-0"]
[WhiteElo "2311"]
[BlackElo "2350"]
[PlyCount "103"]
[EventDate "2021.10.01"]
[EventType "swiss (rapid)"]
[EventRounds "9"]
[EventCountry "UKR"]
[SourceTitle "CBM 204 Extra"]
[Source "ChessBase"]
[SourceDate "2021.11.30"]
[SourceVersion "1"]
[SourceVersionDate "2021.11.30"]
[SourceQuality "1"]

1. e4 Nf6 2. e5 Nd5 3. d4 d6 4. c4 Nb6 5. exd6 exd6 6. Nc3 g6 7. Bd3 Bg7 8. Nge2 Nc6 9. Be3 0-0 10. b3 Bg4 11. Qd2 Bxe2 12. Bxe2 d5 13. c5 Nd7 14. Bb5 Nxc5 15. dxc5 d4 16. Bg5 dxc3 17. Qxd8 Nxd8 18. Be7 Ne6 19. Bxf8 Rxf8 20. 0-0-0 Nxc5 21. Kc2 c6 22. Be2 b5 23. Bf3 Rc8 24. Rhe1 Ne6 25. Bg4 f5 26. Bxf5 gxf5 27. Rxe6 c5 28. Rd5 Bd4 29. f4 Kf7 30. Re2 Kg6 31. g3 Rc6 32. h3 Ra6 33. Kd3 h5 34. Rd7 Bf6 35. Rd5 Rc6 36. a3 c4+ 37. bxc4 bxc4+ 38. Kc2 Rb6 39. Kc1 a6 40. Rc5 Rd6 41. Rxc4 Kf7 42. Rc7+ Kg6 43. Rb7 Rc6 44. Kc2 Rd6 45. a4 Rd4 46. Re6 Rxa4 47. Rbb6 Ra2+ 48. Kd3 c2 49. Rxf6+ Kg7 50. Rfc6 Ra3+ 51. Kxc2 Rxg3 52. Rb7+ 1-0

[Event "UKR-ch Rapid"]
[Site "Omelnyk"]
[Date "2021.10.02"]
[Round "7"]
[White "Sergeev, Vladimir"]
[Black "Omelja, Artem"]
[Result "1/2-1/2"]
[WhiteElo "2350"]
[BlackElo "2509"]
[PlyCount "100"]
[EventDate "2021.10.01"]
[EventType "swiss (rapid)"]
[EventRounds "9"]
[EventCountry "UKR"]
[SourceTitle "CBM 204 Extra"]
[Source "ChessBase"]
[SourceDate "2021.11.30"]
[SourceVersion "1"]
[SourceVersionDate "2021.11.30"]
[SourceQuality "1"]

1. Nf3 d5 2. d4 Nf6 3. Bf4 e6 4. e3 Bd6 5. Bg3 0-0 6. Nbd2 c5 7. dxc5 Bxc5 8. Bd3 Nc6 9. c3 Bd6 10. Qe2 h6 11. 0-0 Bxg3 12. hxg3 e5 13. e4 dxe4 14. Nxe4 Ng4 15. Bc4 Qe7 16. Rad1 Kh7 17. Nd6 f5 18. Nh4 g6 19. Rfe1 Nf6 20. b4 e4 21. f3 Nh5 22. Qf2 Ne5 23. Bd5 Rf6 24. Nxe4 fxe4 25. Rxe4 Bf5 26. Ree1 Qc7 27. Qd4 Nc6 28. Bxc6 Rxc6 29. g4 Rc4 30. Qf2 Bxg4 31. fxg4 Rxg4 32. Rd4 Rxd4 33. Qxd4 Rd8 34. Qe4 Qb6+ 35. Qe3 Re8 36. Qxb6 Rxe1+ 37. Kf2 axb6 38. Kxe1 Kg7 39. Kf2 Kf6 40. Ke3 g5 41. Nf3 Nf4 42. g3 Nd5+ 43. Kd4 Ke6 44. a3 Nf6 45. c4 Nh5 46. g4 Nf6 47. Ne5 h5 48. gxh5 Nxh5 49. c5 bxc5+ 50. bxc5 Nf6 1/2-1/2

[Event "UKR-ch sf"]
[Site "Omelnyk"]
[Date "2021.09.30"]
[Round "9"]
[White "Sergeev, Vladimir"]
[Black "Laptii, Nazar"]
[Result "1-0"]
[WhiteElo "2350"]
[BlackElo "2189"]
[PlyCount "91"]
[EventDate "2021.09.22"]
[EventType "swiss"]
[EventRounds "9"]
[EventCountry "UKR"]
[SourceTitle "CBM 204 Extra"]
[Source "ChessBase"]
[SourceDate "2021.11.30"]
[SourceVersion "1"]
[SourceVersionDate "2021.11.30"]
[SourceQuality "1"]

1. d4 Nf6 2. Nf3 g6 3. c3 Bg7 4. Bg5 0-0 5. Nbd2 d6 6. a4 h6 7. Bh4 Nbd7 8. e4 e5 9. Bd3 Qe8 10. 0-0 a5 11. Re1 Nh5 12. Nc4 Nf4 13. Bf1 b6 14. Qc2 Bb7 15. dxe5 Nxe5 16. Nfxe5 dxe5 17. f3 Qe6 18. Ne3 Bf6 19. Bc4 Qe7 20. Bxf6 Qxf6 21. Ng4 Qc6 22. Bb5 Qc5+ 23. Qf2 Qe7 24. Nxh6+ Kg7 25. Ng4 Qg5 26. Rad1 Bc8 27. Qg3 Bxg4 28. Qxg4 Qxg4 29. fxg4 Ne6 30. Rd5 Rad8 31. g3 f6 32. h4 Nc5 33. Kg2 Rxd5 34. exd5 Rd8 35. Bc6 Na6 36. Kf3 Nb8 37. Bb7 Nd7 38. b4 e4+ 39. Rxe4 Ne5+ 40. Ke2 Re8 41. g5 fxg5 42. hxg5 Kf8 43. Ba6 Re7 44. Ke3 Nf7 45. Rxe7 Kxe7 46. Ke4 1-0

[Event "UKR-ch sf"]
[Site "Omelnyk"]
[Date "2021.09.28"]
[Round "7"]
[White "Sergeev, Vladimir"]
[Black "Omelja, Artem"]
[Result "0-1"]
[WhiteElo "2350"]
[BlackElo "2509"]
[PlyCount "124"]
[EventDate "2021.09.22"]
[EventType "swiss"]
[EventRounds "9"]
[EventCountry "UKR"]
[SourceTitle "CBM 204 Extra"]
[Source "ChessBase"]
[SourceDate "2021.11.30"]
[SourceVersion "1"]
[SourceVersionDate "2021.11.30"]
[SourceQuality "1"]

1. Nf3 d5 2. g3 Nf6 3. Bg2 e6 4. 0-0 Be7 5. b3 0-0 6. Bb2 b6 7. c4 Bb7 8. cxd5 Nxd5 9. d4 Nd7 10. a3 c5 11. Nbd2 N5f6 12. dxc5 Nxc5 13. b4 Nce4 14. Nxe4 Nxe4 15. Nd4 Bd5 16. Qd3 f5 17. Rac1 Bf6 18. f3 Bxd4+ 19. Qxd4 Nf6 20. Qe5 Rc8 21. h3 Qd7 22. g4 Bc4 23. Rfd1 Qb5 24. g5 Qxe5 25. Bxe5 Nd5 26. Kf2 b5 27. h4 h5 28. gxh6 gxh6 29. Rg1 Kf7 30. Bh3 Nf6 31. Bf4 h5 32. Rg5 Bd5 33. Rcg1 Rg8 34. Be5 Rxg5 35. hxg5 Nd7 36. g6+ Ke7 37. Bd4 Rg8 38. Rg5 h4 39. Ke3 e5 40. Bb2 f4+ 41. Kf2 Be6 42. Bxe6 Kxe6 43. g7 h3 44. Rg6+ Kf5 45. Rh6 Rxg7 46. Rxh3 Re7 47. Rh5+ Kg6 48. Rh1 Nb6 49. Rd1 Nc4 50. Bc1 Rh7 51. e3 fxe3+ 52. Bxe3 Rh2+ 53. Kg3 Rg2+ 54. Kh3 Nxe3 55. Re1 Nc2 56. Rxe5 Rg5 57. Re6+ Kf5 58. Ra6 Rg7 59. a4 bxa4 60. Rxa4 Nd4 61. b5 Nxf3 62. b6 Ng5+ 0-1

[Event "UKR-ch sf"]
[Site "Omelnyk"]
[Date "2021.09.23"]
[Round "2"]
[White "Tobak, Mikhail"]
[Black "Sergeev, Vladimir"]
[Result "1-0"]
[WhiteElo "2156"]
[BlackElo "2350"]
[PlyCount "83"]
[EventDate "2021.09.22"]
[EventType "swiss"]
[EventRounds "9"]
[EventCountry "UKR"]
[SourceTitle "CBM 204 Extra"]
[Source "ChessBase"]
[SourceDate "2021.11.30"]
[SourceVersion "1"]
[SourceVersionDate "2021.11.30"]
[SourceQuality "1"]

1. e4 e6 2. d4 d5 3. e5 b6 4. c3 Qd7 5. Nf3 Ne7 6. a4 a5 7. Na3 h6 8. Bd3 Ba6 9. Nb5 Nc8 10. h4 c6 11. Na3 Bxa3 12. Rxa3 c5 13. Be3 Bxd3 14. Qxd3 c4 15. Qc2 Nc6 16. Ke2 Ra7 17. h5 Rb7 18. Raa1 b5 19. axb5 Rxb5 20. Rag1 N8e7 21. g4 Qb7 22. Bc1 Kd7 23. Nd2 Qa6 24. f4 f6 25. exf6 gxf6 26. Nf3 Rbb8 27. g5 fxg5 28. fxg5 hxg5 29. Rxg5 Rbf8 30. h6 Nf5 31. Rg6 Qb5 32. Rh3 Rf7 33. Ke1 Rhf8 34. Qe2 Re7 35. Bg5 Ree8 36. h7 Qa4 37. Bf6 Qa1+ 38. Kf2 Rb8 39. h8Q Rxb2 40. Qxf8 Rxe2+ 41. Kxe2 Qb2+ 42. Nd2 1-0

[Event "Kiev Shystariov Blitz"]
[Site "Kiev"]
[Date "2021.08.29"]
[Round "6"]
[White "Sergeev, Vladimir"]
[Black "Katsman, Mikhail"]
[Result "1-0"]
[WhiteElo "2403"]
[BlackElo "2209"]
[PlyCount "105"]
[EventDate "2021.08.29"]
[EventType "swiss (blitz)"]
[EventRounds "11"]
[EventCountry "UKR"]
[SourceTitle "CBM 204 Extra"]
[Source "ChessBase"]
[SourceDate "2021.11.30"]
[SourceVersion "1"]
[SourceVersionDate "2021.11.30"]
[SourceQuality "1"]

1. c4 e5 2. g3 Nc6 3. Bg2 Nf6 4. Nc3 Bb4 5. Nd5 Bc5 6. e3 d6 7. Ne2 Nxd5 8. cxd5 Ne7 9. d4 Bb6 10. 0-0 0-0 11. h3 f6 12. b3 Bf5 13. Bb2 Qd7 14. g4 Bg6 15. f4 Bf7 16. e4 exf4 17. Nxf4 Ng6 18. Qe1 Nxf4 19. Rxf4 Rae8 20. Qg3 Qb5 21. Kh1 Qb4 22. Rd1 Qa5 23. a3 Qb5 24. Rdf1 Bg6 25. R1f2 a5 26. h4 h6 27. Kh2 a4 28. b4 Qd7 29. Rf1 Qb5 30. e5 fxe5 31. Rxf8+ Rxf8 32. Rxf8+ Kxf8 33. dxe5 Qe2 34. Qf4+ Kg8 35. exd6 cxd6 36. h5 Bf7 37. Qxd6 Qxb2 38. Qxb6 Qe5+ 39. Kh3 Qc3+ 40. Kh4 Qf6+ 41. Qxf6 gxf6 42. d6 b6 43. Bc6 Kf8 44. Bxa4 Bc4 45. Bc6 Kf7 46. a4 Ke6 47. d7 Ke7 48. a5 bxa5 49. bxa5 Ba6 50. Kg3 Kd8 51. Kf4 Kc7 52. Kf5 Be2 53. Kxf6 1-0

[Event "Kiev Shystariov Blitz"]
[Site "Kiev"]
[Date "2021.08.29"]
[Round "8"]
[White "Sergeev, Vladimir"]
[Black "Peng, Li Min"]
[Result "1/2-1/2"]
[WhiteElo "2403"]
[BlackElo "2492"]
[PlyCount "115"]
[EventDate "2021.08.29"]
[EventType "swiss (blitz)"]
[EventRounds "11"]
[EventCountry "UKR"]
[SourceTitle "CBM 204 Extra"]
[Source "ChessBase"]
[SourceDate "2021.11.30"]
[SourceVersion "1"]
[SourceVersionDate "2021.11.30"]
[SourceQuality "1"]

1. Nf3 d5 2. d4 Nf6 3. Bf4 e6 4. e3 c5 5. c3 Nc6 6. Nbd2 Bd6 7. Bg3 0-0 8. Bd3 Qe7 9. Ne5 Nd7 10. Ndf3 f6 11. Nxd7 Bxd7 12. Qc2 f5 13. dxc5 Bxc5 14. Ne5 Nxe5 15. Bxe5 Bd6 16. Bxd6 Qxd6 17. 0-0 e5 18. Qb3 Bc6 19. c4 Kh8 20. cxd5 Bxd5 21. Bc4 Bxc4 22. Qxc4 Rac8 23. Qb3 Qe7 24. Rac1 h6 25. h3 b6 26. Rfd1 f4 27. exf4 exf4 28. Qf3 Qe5 29. b3 Rxc1 30. Rxc1 Qb2 31. Rc7 Qxa2 32. Qc3 Qb1+ 33. Kh2 Qg6 34. Rxa7 f3 35. g3 Rf6 36. Rc7 Qb1 37. Rc8+ Kh7 38. Qc2+ Qxc2 39. Rxc2 Rf5 40. g4 Rb5 41. Rc3 h5 42. Kg3 hxg4 43. hxg4 Kg6 44. Kxf3 Kf6 45. Kg3 g5 46. Re3 Rb4 47. f3 Rd4 48. Rc3 Rb4 49. Kf2 Ke5 50. Ke3 Kd5 51. Rd3+ Ke5 52. Kd2 Rf4 53. Kc3 Ke6 54. b4 b5 55. Kb3 Ke5 56. Kc3 Ke6 57. Kb3 Ke5 58. Kc3 1/2-1/2

[Event "Kiev Shystariov Rapid"]
[Site "Kiev"]
[Date "2021.08.28"]
[Round "9"]
[White "Skliarov, Viktor"]
[Black "Sergeev, Vladimir"]
[Result "1/2-1/2"]
[WhiteElo "2387"]
[BlackElo "2403"]
[PlyCount "169"]
[EventDate "2021.08.28"]
[EventType "swiss (rapid)"]
[EventRounds "9"]
[EventCountry "UKR"]
[SourceTitle "CBM 204 Extra"]
[Source "ChessBase"]
[SourceDate "2021.11.30"]
[SourceVersion "1"]
[SourceVersionDate "2021.11.30"]
[SourceQuality "1"]

1. e4 Nf6 2. Nc3 d5 3. exd5 Nxd5 4. Bc4 Nxc3 5. Qf3 e6 6. Qxc3 Nc6 7. Nf3 Qf6 8. Qxf6 gxf6 9. d4 Bd6 10. c3 Ne7 11. Nd2 f5 12. Be2 Bd7 13. Nc4 Bc6 14. Nxd6+ cxd6 15. f3 Kd7 16. Kf2 b5 17. Rd1 Nd5 18. Bd2 a6 19. b3 h5 20. Rac1 Rhb8 21. c4 bxc4 22. bxc4 Nc7 23. d5 Ba4 24. Re1 Rb2 25. Bc3 Rxa2 26. Ra1 Rc2 27. Ba5 Bb3 28. Rec1 f4 29. Rxc2 Bxc2 30. Ra2 Bf5 31. Rb2 Kc8 32. Rb6 Kd7 33. Rb7 Rc8 34. Bd1 exd5 35. Ba4+ Kd8 36. cxd5 Bd3 37. Bc6 h4 38. Ke1 Bb5 39. Bb6 Bc4 40. Kf2 Bd3 41. g3 fxg3+ 42. hxg3 h3 43. Kg1 Be2 44. Kh2 Bxf3 45. Kxh3 Be2 46. Kh4 Bb5 47. Kg5 Bxc6 48. dxc6 d5 49. Kf5 d4 50. Bxd4 Nb5 51. Bb6+ Ke8 52. Kf4 Rxc6 53. Ba5 Rc4+ 54. Kf3 Rc6 55. Kf4 Kf8 56. Rb8+ Kg7 57. Ra8 Re6 58. Bb4 Rc6 59. Ba5 Nd6 60. Kf3 Nf5 61. Kf4 Nd4 62. Ra7 Ne6+ 63. Kf3 Kg6 64. Ke3 f6 65. Kf3 Nd4+ 66. Ke4 Nb5 67. Ra8 Rd6 68. Ke3 Kf5 69. Bb4 Re6+ 70. Kf2 Ke4 71. Rc8 Nd4 72. Bc3 Nc6 73. Ra8 Kd3 74. Ba1 Ne5 75. Rd8+ Ke4 76. Rd4+ Kf5 77. Rf4+ Kg6 78. Ra4 Rc6 79. Bxe5 fxe5 80. Kf3 Kf5 81. g4+ Ke6 82. Ke4 Kf6 83. g5+ Kxg5 84. Kxe5 Rb6 85. Kd5 1/2-1/2

[Event "Rubinstein Memorial op-A 57th"]
[Site "Polanica Zdroj"]
[Date "2021.08.14"]
[Round "1"]
[White "Sergeev, Vladimir"]
[Black "Paprocki, Antoni"]
[Result "1-0"]
[WhiteElo "2403"]
[BlackElo "1982"]
[PlyCount "117"]
[EventDate "2021.08.14"]
[EventType "swiss"]
[EventRounds "9"]
[EventCountry "POL"]
[SourceTitle "CBM 203 Extra"]
[Source "ChessBase"]
[SourceDate "2021.09.30"]
[SourceVersion "1"]
[SourceVersionDate "2021.09.30"]
[SourceQuality "1"]

1. d4 Nf6 2. c4 e6 3. Nf3 b6 4. e3 Bb7 5. Bd3 Bb4+ 6. Bd2 Qe7 7. 0-0 a5 8. Qc2 Bxd2 9. Nbxd2 d6 10. e4 e5 11. Rfe1 Nc6 12. Qc3 0-0 13. d5 Nb8 14. b3 Nbd7 15. a3 Nh5 16. b4 Rfc8 17. Nb3 axb4 18. axb4 c6 19. dxc6 Bxc6 20. Nbd2 Nf4 21. Bf1 Qf6 22. g3 Ne6 23. Qd3 Rxa1 24. Rxa1 Rd8 25. Ra7 Nd4 26. Nxd4 exd4 27. f4 g5 28. Qf3 gxf4 29. b5 Ba8 30. Rxd7 Rxd7 31. Qg4+ Qg6 32. Qxd7 fxg3 33. h3 Qh6 34. Qg4+ Kh8 35. Qe2 Qf4 36. Bg2 Qe3+ 37. Qxe3 dxe3 38. Nf3 Bxe4 39. Ne1 Bf5 40. h4 Be6 41. Bf1 Bg4 42. Bg2 Kg7 43. Bd5 Bh3 44. Bf3 Kf6 45. Nc2 Ke5 46. Nxe3 Kd4 47. Bg4 Bxg4 48. Nxg4 f5 49. Nf6 h6 50. Ng8 Ke5 51. Kg2 f4 52. Nxh6 Kf6 53. h5 Kg5 54. Nf7+ Kxh5 55. Nxd6 Kg4 56. Ne4 f3+ 57. Kg1 Kh3 58. Nxg3 Kxg3 59. c5 1-0

[Event "Lezajsk Merlin Blitz 1st"]
[Site "Lezajsk"]
[Date "2021.08.10"]
[Round "7"]
[White "Licznerski, Lukasz"]
[Black "Sergeev, Vladimir"]
[Result "1-0"]
[WhiteElo "2401"]
[BlackElo "2403"]
[PlyCount "77"]
[EventDate "2021.08.10"]
[EventType "swiss (blitz)"]
[EventRounds "9"]
[EventCountry "POL"]
[SourceTitle "CBM 203 Extra"]
[Source "ChessBase"]
[SourceDate "2021.09.30"]
[SourceVersion "1"]
[SourceVersionDate "2021.09.30"]
[SourceQuality "1"]

1. e4 Nf6 2. e5 Nd5 3. d4 d6 4. c4 Nb6 5. exd6 exd6 6. Nc3 g6 7. h3 Bg7 8. Nf3 0-0 9. Be2 Nc6 10. 0-0 h6 11. d5 Na5 12. Nd2 Re8 13. Bd3 Nd7 14. Qc2 c5 15. a3 b6 16. b4 Nb7 17. Bb2 Ne5 18. Nce4 Bf5 19. f4 Nxd3 20. Bxg7 Nxf4 21. Rxf4 Kxg7 22. Qc3+ f6 23. g4 Bxe4 24. Nxe4 Re5 25. Raf1 Qe7 26. Rxf6 Re8 27. Qf3 Rxe4 28. Rf7+ Kg8 29. Rxe7 R4xe7 30. Qf6 Rg7 31. Qc3 Ree7 32. Rf6 Kh7 33. h4 Kg8 34. Qf3 Re1+ 35. Kf2 Ree7 36. h5 gxh5 37. Rf8+ Kh7 38. Qf5+ Rg6 39. gxh5 1-0

[Event "Lezajsk Merlin 1st"]
[Site "Lezajsk"]
[Date "2021.08.09"]
[Round "8"]
[White "Gaj, Szymon"]
[Black "Sergeev, Vladimir"]
[Result "1/2-1/2"]
[WhiteElo "1898"]
[BlackElo "2403"]
[PlyCount "113"]
[EventDate "2021.08.04"]
[EventType "swiss"]
[EventRounds "9"]
[EventCountry "POL"]
[SourceTitle "CBM 203 Extra"]
[Source "ChessBase"]
[SourceDate "2021.09.30"]
[SourceVersion "1"]
[SourceVersionDate "2021.09.30"]
[SourceQuality "1"]

1. d4 Nf6 2. c4 e6 3. Nc3 Bb4 4. f3 c5 5. d5 exd5 6. cxd5 0-0 7. e4 d6 8. Bd3 Nbd7 9. Nge2 Ne5 10. 0-0 Re8 11. Bg5 c4 12. Bc2 Bc5+ 13. Kh1 a6 14. h3 h6 15. Bh4 Bd7 16. Bg3 b5 17. Bxe5 dxe5 18. g4 h5 19. Ng3 g6 20. Qd2 Kg7 21. Qg5 Rh8 22. Nf5+ Kf8 23. Nh4 Ng8 24. Nxg6+ fxg6 25. Qxe5 Rh7 26. d6 Rc8 27. Nd5 Rc6 28. Nf4 Bxd6 29. Nxg6+ Kf7 30. Qd5+ Kxg6 31. e5+ Kg7 32. Bxh7 Ne7 33. Qe4 Bc5 34. Rad1 Qe8 35. Bf5 Be6 36. f4 hxg4 37. Bxe6 Rxe6 38. f5 Qh5 39. Qxg4+ Qxg4 40. hxg4 Rxe5 41. f6+ Kg6 42. f7 Nc6 43. f8Q Bxf8 44. Rxf8 Nb4 45. Rd6+ Kg5 46. Rf5+ Rxf5 47. gxf5 Kxf5 48. a3 Ke5 49. Rd2 Nd3 50. Kg2 Kd4 51. Kf3 c3 52. bxc3+ Kxc3 53. Ke2 Nb2 54. Rd6 a5 55. Rb6 Kc4 56. Kd2 Kc5 57. Ra6 1/2-1/2

[Event "Kiev Spring op"]
[Site "Kiev"]
[Date "2021.07.14"]
[Round "6"]
[White "Sergeev, Vladimir"]
[Black "Tobak, Mikhail"]
[Result "1-0"]
[WhiteElo "2409"]
[BlackElo "2067"]
[PlyCount "77"]
[EventDate "2021.07.10"]
[EventType "swiss"]
[EventRounds "9"]
[EventCountry "UKR"]
[SourceTitle "CBM 203 Extra"]
[Source "ChessBase"]
[SourceDate "2021.09.30"]
[SourceVersion "1"]
[SourceVersionDate "2021.09.30"]
[SourceQuality "1"]

1. c4 d6 2. g3 g6 3. Bg2 Bg7 4. Nc3 Nc6 5. Rb1 a5 6. a3 e5 7. d3 f5 8. e3 Nf6 9. b4 axb4 10. axb4 0-0 11. Nge2 Nh5 12. b5 Ne7 13. Qb3 Kh8 14. f4 g5 15. 0-0 Bf6 16. Bd2 Ng6 17. Nd5 gxf4 18. Nxf6 Nxf6 19. exf4 Rb8 20. Rbe1 h5 21. fxe5 dxe5 22. Bg5 Qd6 23. Qc3 c5 24. bxc6 bxc6 25. c5 Qe6 26. Nf4 Nxf4 27. Bxf4 Rb3 28. Qxe5 Qxe5 29. Bxe5 Bd7 30. d4 Kg7 31. Ra1 Kg6 32. Ra6 Rc8 33. d5 Re8 34. Ba1 Ne4 35. Ra7 Bc8 36. Bxe4 Rxe4 37. Rc7 Re8 38. Rxc6+ Kg5 39. Bf6+ 1-0

[Event "Kiev Spring op"]
[Site "Kiev"]
[Date "2021.07.10"]
[Round "1"]
[White "Toroptseva, Yevheniia"]
[Black "Sergeev, Vladimir"]
[Result "0-1"]
[WhiteElo "1655"]
[BlackElo "2409"]
[PlyCount "114"]
[EventDate "2021.07.10"]
[EventType "swiss"]
[EventRounds "9"]
[EventCountry "UKR"]
[SourceTitle "EXT 2024"]
[Source "ChessBase"]
[SourceDate "2023.10.10"]
[SourceVersion "1"]
[SourceVersionDate "2023.10.10"]
[SourceQuality "1"]

1. e4 Nf6 2. Nc3 d5 3. e5 Nfd7 4. Nxd5 Nxe5 5. Nc3 c5 6. Nf3 Nxf3+ 7. Qxf3 Nc6 8. Bb5 Bd7 9. 0-0 g6 10. Nd5 Bg7 11. Re1 e6 12. c3 0-0 13. Nf4 Ne5 14. Qe2 Bxb5 15. Qxb5 Qc7 16. Nd3 Nd7 17. b3 a6 18. Qc4 b5 19. Qe4 Rfe8 20. Bb2 f5 21. Qf3 e5 22. Qd5+ Kh8 23. c4 e4 24. Bxg7+ Kxg7 25. Nf4 Nf8 26. cxb5 Rad8 27. Qc4 Qxf4 28. bxa6 Ne6 29. Rad1 Qd6 30. a7 Nf4 31. Qc3+ Qd4 32. Qa5 Nd3 33. Rf1 Ra8 34. Qc7+ Kg8 35. b4 cxb4 36. a3 b3 37. Rb1 b2 38. Qc2 Rxa7 39. Qb3+ Kg7 40. Qb5 Ree7 41. h3 Rxa3 42. g3 Ra1 43. Kh2 Rxb1 44. Rxb1 Qxf2+ 45. Kh1 Qxg3 46. Rf1 Qxh3+ 47. Kg1 f4 48. Rf2 Qg3+ 49. Rg2 Qe1+ 50. Kh2 b1R 51. Qxb1 Qxb1 52. Rg1 Qb8 53. Kh1 Re5 54. Rg4 Rh5+ 55. Kg1 Qa7+ 56. Kg2 f3+ 57. Kg3 Qf2# 0-1